[Event "Asia-ch Blitz U20 Girls"]
[Site "Jamshedpur"]
[Date "2023.09.15"]
[Round "7"]
[White "Nischala, Y."]
[Black "Poorna, Sri MK"]
[Result "0-1"]
[WhiteElo "1202"]
[BlackElo "1571"]
[PlyCount "90"]
[EventDate "2023.09.15"]
[EventType "swiss (blitz)"]
[EventRounds "9"]
[EventCountry "IND"]
[SourceTitle "CBM 216 Extra"]
[Source "ChessBase"]
[SourceDate "2023.11.30"]
[SourceVersion "1"]
[SourceVersionDate "2023.11.30"]
[SourceQuality "1"]

1. d4 Nf6 2. c4 g6 3. Nc3 Bg7 4. e4 d6 5. Nf3 0-0 6. Be2 e5 7. 0-0 Nc6 8. d5 Ne7 9. a3 Ne8 10. Bg5 f6 11. Bd2 f5 12. Ng5 f4 13. f3 Rf6 14. b4 h6 15. Ne6 Bxe6 16. dxe6 Rxe6 17. c5 d5 18. exd5 Nxd5 19. Nxd5 Qxd5 20. Rc1 Qd4+ 21. Kh1 Kh7 22. Bc4 Re7 23. Qc2 e4 24. Bxf4 e3 25. Bg3 Qf6 26. Rfe1 c6 27. Bb3 Rd8 28. Qc4 Nc7 29. Bxc7 Rxc7 30. Rxe3 Qg5 31. Ree1 Rcd7 32. h3 Rd2 33. Qg4 Qf6 34. Rcd1 Rxd1 35. Rxd1 Rxd1+ 36. Bxd1 Qa1 37. Qd7 Qxa3 38. Kh2 Qxb4 39. Be2 Qxc5 40. Bd3 Qe5+ 41. Kh1 b5 42. Qxc6 Qe1+ 43. Kh2 Be5+ 44. g3 Qxg3+ 45. Kh1 Qh2# 0-1

[Event "Asia-ch U20 Girls"]
[Site "Jamshedpur"]
[Date "2023.09.10"]
[Round "3"]
[White "Poorna, Sri MK"]
[Black "Bhagyashree, Patil"]
[Result "0-1"]
[WhiteElo "1821"]
[BlackElo "1879"]
[PlyCount "76"]
[EventDate "2023.09.09"]
[EventType "swiss"]
[EventRounds "9"]
[EventCountry "IND"]
[SourceTitle "CBM 216 Extra"]
[Source "ChessBase"]
[SourceDate "2023.11.30"]
[SourceVersion "1"]
[SourceVersionDate "2023.11.30"]
[SourceQuality "1"]

1. e4 c5 2. Nf3 d6 3. d4 cxd4 4. Nxd4 Nf6 5. Nc3 a6 6. f3 e5 7. Nb3 Be7 8. Be3 h5 9. Qd2 Be6 10. Nd5 Nxd5 11. exd5 Bf5 12. Be2 Nd7 13. 0-0 Bg6 14. Na5 0-0 15. c4 Qc7 16. b4 f5 17. f4 exf4 18. Bxf4 Rae8 19. c5 Nf6 20. cxd6 Bxd6 21. Bxd6 Qxd6 22. Nxb7 Qe5 23. Bc4 Ne4 24. d6+ Bf7 25. Qd3 Rb8 26. Bxf7+ Rxf7 27. d7 Rxd7 28. Qxd7 Rxb7 29. Qc8+ Kh7 30. Rad1 Rf7 31. Qxa6 Qb2 32. Qc4 Rf6 33. Rd5 Rg6 34. g3 Nxg3 35. Rf3 Ne4+ 36. Kf1 Qg2+ 37. Ke1 Qxf3 38. Qd4 Rg2 0-1

[Event "Asia-ch Rapid U20 Girls"]
[Site "Jamshedpur"]
[Date "2023.09.08"]
[Round "9"]
[White "Poorna, Sri MK"]
[Black "Kaldarova, Ayaulym"]
[Result "0-1"]
[WhiteElo "1650"]
[BlackElo "1872"]
[PlyCount "56"]
[EventDate "2023.09.08"]
[EventType "swiss (rapid)"]
[EventRounds "9"]
[EventCountry "IND"]
[SourceTitle "CBM 216 Extra"]
[Source "ChessBase"]
[SourceDate "2023.11.30"]
[SourceVersion "1"]
[SourceVersionDate "2023.11.30"]
[SourceQuality "1"]

1. e4 d6 2. d4 Nf6 3. Nc3 g6 4. Nf3 Bg7 5. Be2 a6 6. 0-0 0-0 7. h3 b5 8. a3 Bb7 9. Bd3 c5 10. d5 Nbd7 11. Be3 Rc8 12. Nd2 e6 13. dxe6 fxe6 14. f4 d5 15. e5 Nh5 16. Ne2 d4 17. Bf2 Nxf4 18. Nxf4 Rxf4 19. Bg3 Rxf1+ 20. Qxf1 Qg5 21. Bf4 Qe7 22. Ne4 Rf8 23. Qc1 Nxe5 24. Bg5 Qc7 25. Nf2 Nxd3 26. cxd3 Qg3 27. Ne4 Bxe4 28. dxe4 Rf2 0-1

[Event "Asia-ch Rapid U20 Girls"]
[Site "Jamshedpur"]
[Date "2023.09.08"]
[Round "3"]
[White "Poorna, Sri MK"]
[Black "Sanudula, KM Dahamdi"]
[Result "1-0"]
[WhiteElo "1650"]
[BlackElo "1474"]
[PlyCount "110"]
[EventDate "2023.09.08"]
[EventType "swiss (rapid)"]
[EventRounds "9"]
[EventCountry "IND"]
[SourceTitle "CBM 216 Extra"]
[Source "ChessBase"]
[SourceDate "2023.11.30"]
[SourceVersion "1"]
[SourceVersionDate "2023.11.30"]
[SourceQuality "1"]

1. e4 d5 2. exd5 Qxd5 3. d4 Nf6 4. Nf3 Bg4 5. Be2 c6 6. h3 Bxf3 7. Bxf3 Qa5+ 8. Nc3 e6 9. 0-0 Bd6 10. Ne4 Nxe4 11. Bxe4 Nd7 12. Bd2 Qb6 13. Bc3 Nf6 14. Bd3 Nd5 15. Rb1 Qc7 16. Bd2 Bh2+ 17. Kh1 Bf4 18. c4 Nf6 19. Bb4 Bd6 20. Bc3 0-0 21. d5 e5 22. dxc6 Qxc6 23. Qe2 Rfe8 24. Bf5 a5 25. b3 Rad8 26. Qc2 Bb4 27. Rbd1 Qc5 28. Bb2 Nh5 29. Bxh7+ Kh8 30. Be4 Nf4 31. Kh2 b6 32. g3 Ne6 33. Qe2 Kg8 34. Kg2 Nd4 35. Qh5 g6 36. Qh6 Qc7 37. Bd5 Ne6 38. a3 Bf8 39. Qe3 Ng7 40. Qg5 Be7 41. Qxe5 Qxe5 42. Bxe5 Bxa3 43. Bc7 Rc8 44. Bxb6 Rb8 45. c5 Rec8 46. Ba7 Rb5 47. c6 Ne6 48. Bf3 Rxb3 49. Rd7 Rc3 50. Rfd1 Kg7 51. Bd5 Kf8 52. Be3 Bc5 53. Bh6+ Ke8 54. Re1 Bb6 55. Bxe6 R8xc6 1-0

[Event "Belgrade Serbia op"]
[Site "Belgrade"]
[Date "2023.07.17"]
[Round "2"]
[White "Kairbekova, Amina"]
[Black "Poorna, Sri MK"]
[Result "1-0"]
[WhiteElo "2173"]
[BlackElo "1736"]
[PlyCount "99"]
[EventDate "2023.07.16"]
[EventType "swiss"]
[EventRounds "9"]
[EventCountry "SRB"]
[SourceTitle "CBM 215 Extra"]
[Source "ChessBase"]
[SourceDate "2023.09.30"]
[SourceVersion "1"]
[SourceVersionDate "2023.09.30"]
[SourceQuality "1"]

1. d4 Nf6 2. c4 g6 3. Nc3 Bg7 4. e4 d6 5. Nf3 0-0 6. Be2 e5 7. d5 a5 8. Bg5 h6 9. Be3 Na6 10. Nd2 Nc5 11. g4 Nfd7 12. h4 c6 13. h5 g5 14. b3 Nb6 15. f3 cxd5 16. cxd5 Bd7 17. Kf2 Rc8 18. Nb5 Qe7 19. a3 Ra8 20. Kg2 Rfc8 21. Qg1 Bxb5 22. Bxb5 Nbd7 23. Qd1 Bf6 24. b4 axb4 25. axb4 Na6 26. Qb3 Nc7 27. Be2 Qf8 28. b5 b6 29. Nc4 Rab8 30. Ra7 Bd8 31. Rha1 f6 32. Nb2 Kh8 33. Nd3 Nc5 34. Bxc5 dxc5 35. Nb2 Ne8 36. d6 Nxd6 37. Qe6 Bc7 38. Rd1 Re8 39. Qd7 Re7 40. Qc6 Ne8 41. Nc4 Qf7 42. Ne3 Qe6 43. Qxe6 Rxe6 44. Nf5 Rc8 45. Bc4 Rd6 46. Rxc7 Rxd1 47. Rxc8 Kh7 48. Bf7 Rd2+ 49. Kg3 Nd6 50. Bg6# 1-0

[Event "Veliko Gradiste Silver Lake op-A"]
[Site "Veliko Gradiste"]
[Date "2023.06.25"]
[Round "9"]
[White "Poorna, Sri MK"]
[Black "Stoinev, Metodi"]
[Result "0-1"]
[WhiteElo "1650"]
[BlackElo "2152"]
[PlyCount "132"]
[EventDate "2023.06.18"]
[EventType "swiss"]
[EventRounds "9"]
[EventCountry "SRB"]
[SourceTitle "CBM 215 Extra"]
[Source "ChessBase"]
[SourceDate "2023.09.30"]
[SourceVersion "1"]
[SourceVersionDate "2023.09.30"]
[SourceQuality "1"]

1. e4 e5 2. Nf3 Nc6 3. Bb5 a6 4. Ba4 Nf6 5. 0-0 Be7 6. Re1 b5 7. Bb3 d6 8. c3 0-0 9. h3 Nb8 10. d4 Nbd7 11. Nbd2 Bb7 12. Bc2 Re8 13. Nf1 Bf8 14. Ng3 g6 15. Bg5 h6 16. Bd2 Bg7 17. a4 c5 18. d5 c4 19. Nh2 h5 20. Qc1 Nc5 21. a5 Bc8 22. Bh6 Nh7 23. Rf1 h4 24. Nh1 Bxh6 25. Qxh6 Qg5 26. Qxg5 Nxg5 27. f3 Ra7 28. Nf2 Kg7 29. Nfg4 f5 30. exf5 gxf5 31. Ne3 Rf7 32. Rae1 Nh7 33. Rf2 Rg8 34. Nhf1 Kf6 35. Nd2 Nf8 36. Kh2 Ng6 37. b4 cxb3 38. Nxb3 Nxb3 39. Bxb3 Nf4 40. Rd2 Rc7 41. c4 Bd7 42. Rc1 Rgc8 43. Rcc2 Rc5 44. cxb5 axb5 45. Rxc5 dxc5 46. Ra2 Ra8 47. a6 Ra7 48. Ra5 e4 49. Bc2 Ke5 50. Ra1 Nxd5 51. Nxd5 Kxd5 52. fxe4+ fxe4 53. Rd1+ Ke5 54. Ra1 c4 55. g4 hxg3+ 56. Kxg3 b4 57. Ra5+ Kd4 58. Kf4 Bc6 59. h4 b3 60. Bd1 Rf7+ 61. Kg5 Rf1 62. Be2 Rg1+ 63. Kf6 b2 64. a7 b1Q 65. a8Q Bxa8 66. Rxa8 Qb6+ 0-1

[Event "Veliko Gradiste Silver Lake op-A"]
[Site "Veliko Gradiste"]
[Date "2023.06.24"]
[Round "8"]
[White "Kovacevic, Predrag"]
[Black "Poorna, Sri MK"]
[Result "1/2-1/2"]
[WhiteElo "2289"]
[BlackElo "1650"]
[PlyCount "97"]
[EventDate "2023.06.18"]
[EventType "swiss"]
[EventRounds "9"]
[EventCountry "SRB"]
[SourceTitle "CBM 215 Extra"]
[Source "ChessBase"]
[SourceDate "2023.09.30"]
[SourceVersion "1"]
[SourceVersionDate "2023.09.30"]
[SourceQuality "1"]

1. e4 c5 2. Nc3 d6 3. f4 g6 4. Nf3 Bg7 5. Bb5+ Bd7 6. a4 e6 7. 0-0 Ne7 8. Qe1 a6 9. Bc4 Nbc6 10. f5 exf5 11. d3 Ne5 12. Nxe5 dxe5 13. Bg5 f6 14. Be3 Qc7 15. a5 f4 16. Bf2 0-0-0 17. Na4 Bxa4 18. Rxa4 Bf8 19. b4 Nc6 20. bxc5 Nd4 21. c6 Qxc6 22. Bb3 Kb8 23. Bxd4 Rxd4 24. Rxd4 Bc5 25. c3 exd4 26. Kh1 g5 27. Bd5 Qc7 28. Qa1 dxc3 29. Qxc3 Be7 30. Qxc7+ Kxc7 31. Rb1 Rb8 32. Rb6 g4 33. d4 Bd8 34. Kg1 Kd7 35. Rxb7+ Rxb7 36. Bxb7 Bxa5 37. Bxa6 Bb6 38. Kf1 Bxd4 39. h3 gxh3 40. gxh3 f3 41. Bb7 f2 42. Kg2 Ke6 43. Bc8+ Ke5 44. Bf5 h6 45. Bg6 Kf4 46. Kf1 Kf3 47. Bf5 Bc5 48. Be6 Bd4 49. Bf5 1/2-1/2

[Event "Veliko Gradiste Silver Lake op-A"]
[Site "Veliko Gradiste"]
[Date "2023.06.21"]
[Round "5"]
[White "Poorna, Sri MK"]
[Black "Bryakin, Mikhail"]
[Result "0-1"]
[WhiteElo "1650"]
[BlackElo "2451"]
[PlyCount "84"]
[EventDate "2023.06.18"]
[EventType "swiss"]
[EventRounds "9"]
[EventCountry "SRB"]
[SourceTitle "CBM 215 Extra"]
[Source "ChessBase"]
[SourceDate "2023.09.30"]
[SourceVersion "1"]
[SourceVersionDate "2023.09.30"]
[SourceQuality "1"]

1. e4 c5 2. Nf3 g6 3. d4 cxd4 4. Nxd4 Bg7 5. Nc3 Nc6 6. Be3 Nf6 7. Bc4 Qa5 8. f3 Qb4 9. Bb3 Nxe4 10. Nxc6 Bxc3+ 11. bxc3 Qxc3+ 12. Ke2 dxc6 13. Bd4 e5 14. Bxc3 Nxc3+ 15. Kf2 Nxd1+ 16. Raxd1 0-0 17. Rhe1 Re8 18. Rd6 Kf8 19. Rf6 Re7 20. Rd1 Ke8 21. Rdd6 a5 22. a4 Ra6 23. h4 Rb6 24. g4 Rb4 25. Ke3 e4 26. f4 Bxg4 27. Rd2 Be6 28. Bxe6 Rxe6 29. Rxe6+ fxe6 30. h5 Rxa4 31. h6 Ke7 32. c3 Rc4 33. Ra2 a4 34. Ra3 b5 35. Ra1 Rxc3+ 36. Kxe4 Rh3 37. Rc1 Kd6 38. Rd1+ Kc7 39. Ke5 Rxh6 40. Kxe6 g5+ 41. Kf5 gxf4 42. Kxf4 Rd6 0-1

[Event "Asia/Oceania Uni-ch (Women)"]
[Site "Tornelo INT"]
[Date "2022.12.20"]
[Round "9"]
[White "Poorna, Sri MK"]
[Black "Nur Abidah, Shanti"]
[Result "0-1"]
[WhiteElo "1623"]
[BlackElo "1953"]
[PlyCount "102"]
[EventDate "2022.12.18"]
[EventType "swiss (rapid)"]
[EventRounds "9"]
[EventCountry "NET"]
[SourceTitle "EXT 2024"]
[Source "ChessBase"]
[SourceDate "2023.10.10"]
[SourceVersion "1"]
[SourceVersionDate "2023.10.10"]
[SourceQuality "1"]

1. e4 d5 2. exd5 Qxd5 3. Nc3 Qa5 4. d4 Nf6 5. Nf3 Bf5 6. Bc4 e6 7. Bd2 c6 8. Ne4 Qc7 9. Nxf6+ gxf6 10. 0-0 Bd6 11. Qe2 Nd7 12. h3 Rg8 13. Kh1 0-0-0 14. Qe1 Bxc2 15. Ba5 Nb6 16. Rc1 Bg6 17. d5 exd5 18. Bxd5 Bf4 19. Bb3 Bxc1 20. Qxc1 Be4 21. Qe3 f5 22. Rc1 Rd3 23. Qe2 Qf4 24. Bd2 Bxf3 25. Be6+ Nd7 26. Bxd7+ Rxd7 27. Rxc6+ Kd8 28. Bxf4 Bxe2 29. Rc5 Bf1 30. Rxf5 Bxg2+ 31. Kh2 Be4 32. Bg5+ Kc8 33. Rc5+ Bc6 34. b4 Rd5 35. Rxd5 Bxd5 36. h4 Kd7 37. Kh3 Ke6 38. a4 h5 39. a5 f6 40. Bf4 Kf5 41. Bg3 Rg4 42. b5 Rb4 43. b6 axb6 44. axb6 Rxb6 45. Bc7 Rb1 46. f3 Bxf3 47. Bh2 b5 48. Kg3 Be4 49. Kf2 Rb2+ 50. Kg3 Rxh2 51. Kxh2 b4 0-1

[Event "IND-ch U20 Girls 50th"]
[Site "Gurugram"]
[Date "2022.03.11"]
[Round "5"]
[White "Lakshmi, Chidambaram"]
[Black "Poorna, Sri MK"]
[Result "1-0"]
[WhiteElo "1968"]
[BlackElo "1763"]
[PlyCount "117"]
[EventDate "2022.03.09"]
[EventType "swiss"]
[EventRounds "9"]
[EventCountry "IND"]
[SourceTitle "EXT 2023"]
[Source "ChessBase"]
[SourceDate "2022.10.05"]
[SourceVersion "1"]
[SourceVersionDate "2022.10.05"]
[SourceQuality "1"]

1. d4 Nf6 2. c4 g6 3. Nc3 d5 4. e3 Bg7 5. Nf3 0-0 6. h3 dxc4 7. Bxc4 c5 8. 0-0 cxd4 9. Nxd4 Qc7 10. Qe2 a6 11. e4 Nh5 12. Nd5 Qd6 13. Nf3 e6 14. e5 Bxe5 15. Qxe5 Qxe5 16. Ne7+ Kg7 17. Nxe5 Nd7 18. Ng4 Re8 19. Nxc8 Raxc8 20. Bb3 Nc5 21. Be3 Nd3 22. Bd4+ e5 23. Nxe5 Nxe5 24. f4 Nxf4 25. Rxf4 f6 26. Raf1 Rc6 27. Bc3 b5 28. a4 Rd6 29. Kh1 g5 30. Rf5 Kg6 31. Bc2 Kg7 32. Re1 Rde6 33. Bxe5 Rxe5 34. Rexe5 fxe5 35. axb5 axb5 36. Rxg5+ Kf6 37. Rg4 h5 38. Rb4 Rc8 39. Bd3 Rc5 40. Rxb5 Rc1+ 41. Kh2 Re1 42. Rb4 Re3 43. Be4 Kg5 44. Bf3 Re1 45. Re4 Rb1 46. Rxe5+ Kf4 47. Re2 h4 48. Re4+ Kf5 49. b4 Kg5 50. Rg4+ Kf6 51. Rxh4 Rb2 52. Rg4 Kf5 53. h4 Rd2 54. h5 Rd8 55. Rg7 Rb8 56. Rb7 Rh8 57. b5 Kg5 58. b6 Rf8 59. Rc7 1-0

[Event "World Cup U18 Girls Prel"]
[Site "Tornelo INT"]
[Date "2021.08.01"]
[Round "8"]
[White "Poorna, Sri MK"]
[Black "Premanath, Prasansa"]
[Result "1-0"]
[WhiteElo "1904"]
[BlackElo "1517"]
[PlyCount "141"]
[EventDate "2021.08.01"]
[EventType "swiss (rapid)"]
[EventRounds "10"]
[EventCountry "NET"]
[SourceTitle "EXT 2024"]
[Source "ChessBase"]
[SourceDate "2023.10.10"]
[SourceVersion "1"]
[SourceVersionDate "2023.10.10"]
[SourceQuality "1"]

1. e4 c5 2. Nf3 d6 3. d4 cxd4 4. Nxd4 Nf6 5. Nc3 a6 6. h3 e6 7. g4 Be7 8. g5 Nfd7 9. Be3 Bxg5 10. Nxe6 fxe6 11. Qh5+ g6 12. Qxg5 Qxg5 13. Bxg5 Nc6 14. 0-0-0 h6 15. Bh4 g5 16. Bg3 Rf8 17. Rxd6 Nde5 18. Be2 Bd7 19. h4 Ke7 20. Rhd1 Rad8 21. Na4 Bc8 22. Rxd8 Rxd8 23. Nb6 Ng6 24. Bd6+ Kf7 25. Bh5 gxh4 26. f4 Kg7 27. Rg1 Rxd6 28. Rxg6+ Kh7 29. Nxc8 Rd8 30. Nb6 Nd4 31. c3 Ne2+ 32. Kc2 Nxf4 33. Rg4 Nxh5 34. Rxh4 Nf6 35. Nc4 Rg8 36. Ne5 h5 37. Nd3 Kg6 38. Rh1 Kg5 39. Nc5 h4 40. Nxe6+ Kh5 41. Nf4+ Kg4 42. Ng2 h3 43. Ne3+ Kh4 44. e5 Ne4 45. Nf5+ Kg4 46. Nh6+ Kg3 47. Nxg8 h2 48. e6 Kg2 49. Rxh2+ Kxh2 50. e7 Nd6 51. Nf6 Kg3 52. e8Q Nxe8 53. Nxe8 Kf4 54. Nd6 b6 55. Nc8 b5 56. Kb3 Ke5 57. Kb4 Kd5 58. Ka5 Kc5 59. Kxa6 b4 60. cxb4+ Kxb4 61. Kb6 Ka4 62. Kc5 Ka5 63. b4+ Ka6 64. b5+ Kb7 65. Nd6+ Kb8 66. b6 Ka8 67. Kc6 Kb8 68. b7 Ka7 69. Kc7 Ka6 70. b8Q Ka5 71. Qb5# 1-0

[Event "Wch U16 Girls"]
[Site "Mumbai"]
[Date "2019.10.09"]
[Round "8"]
[White "Poorna, Sri MK"]
[Black "Moncada Correa, Sara"]
[Result "0-1"]
[WhiteElo "1787"]
[BlackElo "1939"]
[PlyCount "94"]
[EventDate "2019.10.02"]
[EventType "swiss"]
[EventRounds "11"]
[EventCountry "IND"]
[SourceTitle "EXT 2020"]
[Source "ChessBase"]
[SourceDate "2019.10.17"]
[SourceVersion "1"]
[SourceVersionDate "2019.10.17"]
[SourceQuality "1"]

1. e4 e5 2. Nf3 Nc6 3. Bb5 a6 4. Ba4 Nf6 5. 0-0 Be7 6. Re1 b5 7. Bb3 d6 8. c3 0-0 9. h3 Nb8 10. d4 Nbd7 11. Nbd2 Bb7 12. Bc2 c5 13. Nf1 Re8 14. Ng3 cxd4 15. cxd4 exd4 16. Nxd4 d5 17. e5 Bb4 18. f4 Bxe1 19. Qxe1 g6 20. Ngf5 gxf5 21. Nxf5 Kh8 22. Nd6 Re7 23. Qh4 Ne4 24. Nxb7 Qb6+ 25. Kh2 f6 26. Nd6 Nxd6 27. exd6 Qxd6 28. b3 Rg8 29. Bf5 d4 30. Bxd7 Rxd7 31. Bd2 Qc6 32. Rg1 Re7 33. Qf2 Qd5 34. Bb4 Re6 35. Rd1 Re4 36. Rd2 Re3 37. Ba5 Reg3 38. Qf1 d3 39. Bc3 Qc6 40. Bb2 Rxg2+ 41. Rxg2 Rxg2+ 42. Qxg2 Qxg2+ 43. Kxg2 d2 44. Bxf6+ Kg8 45. Kg3 d1Q 46. Kh4 Kf7 47. Bg5 Qf3 0-1

[Event "Wch U16 Girls"]
[Site "Mumbai"]
[Date "2019.10.05"]
[Round "5"]
[White "Poorna, Sri MK"]
[Black "Hajiyeva, Laman"]
[Result "1/2-1/2"]
[WhiteElo "1787"]
[BlackElo "2038"]
[PlyCount "84"]
[EventDate "2019.10.02"]
[EventType "swiss"]
[EventRounds "11"]
[EventCountry "IND"]
[SourceTitle "EXT 2020"]
[Source "ChessBase"]
[SourceDate "2019.10.17"]
[SourceVersion "1"]
[SourceVersionDate "2019.10.17"]
[SourceQuality "1"]

1. e4 e6 2. d4 d5 3. Nc3 Nf6 4. Bg5 Be7 5. e5 Nfd7 6. h4 h6 7. Bxe7 Qxe7 8. f4 a6 9. Nf3 c5 10. Qd2 Nc6 11. Ne2 b5 12. g4 Bb7 13. Ng3 f6 14. 0-0-0 fxe5 15. dxe5 0-0-0 16. h5 Rhe8 17. g5 Nb6 18. gxh6 gxh6 19. f5 Qg7 20. Qf4 Qf8 21. Nh4 c4 22. f6 Na4 23. f7 Nxe5 24. Qxe5 Qxf7 25. Bh3 c3 26. bxc3 Qe7 27. Rhe1 Qxh4 28. Bxe6+ Rxe6 29. Qxe6+ Kb8 30. Qe5+ Ka8 31. Rd4 Qh2 32. Nf5 Qxh5 33. Rf4 Qg5 34. Ref1 Rc8 35. Qe3 Rxc3 36. Qd2 Rc8 37. Nd6 Rc7 38. Qe3 Nc5 39. Nxb7 Kxb7 40. Kb1 Ne4 41. Qd3 Nc3+ 42. Kb2 Ne4 1/2-1/2

[Event "Wch U16 Girls"]
[Site "Mumbai"]
[Date "2019.10.02"]
[Round "1"]
[White "Poorna, Sri MK"]
[Black "Beydullayeva, Govhar"]
[Result "0-1"]
[WhiteElo "1787"]
[BlackElo "2289"]
[PlyCount "110"]
[EventDate "2019.10.02"]
[EventType "swiss"]
[EventRounds "11"]
[EventCountry "IND"]
[SourceTitle "EXT 2020"]
[Source "ChessBase"]
[SourceDate "2019.10.17"]
[SourceVersion "1"]
[SourceVersionDate "2019.10.17"]
[SourceQuality "1"]

1. e4 c5 2. Nf3 d6 3. d4 cxd4 4. Nxd4 Nf6 5. Nc3 a6 6. h3 e5 7. Nde2 h5 8. Bg5 Be6 9. Bxf6 Qxf6 10. Nd5 Qd8 11. Qd2 g6 12. g3 Nd7 13. Bg2 Nc5 14. 0-0-0 Bh6 15. f4 h4 16. g4 Bxd5 17. exd5 exf4 18. Nxf4 0-0 19. Kb1 Qg5 20. Rhf1 Rae8 21. Qb4 Re3 22. Rf2 Rfe8 23. Rdf1 Qe5 24. Nd3 Nxd3 25. cxd3 Re1+ 26. Rxe1 Qxe1+ 27. Qxe1 Rxe1+ 28. Kc2 Be3 29. Rf3 Re2+ 30. Kb3 Bd4 31. Bf1 Rxb2+ 32. Kc4 Bg7 33. d4 b5+ 34. Kc3 Rxa2 35. Rf4 Ra3+ 36. Kb4 Re3 37. g5 Rg3 38. Rxh4 Rxg5 39. Ka5 Rg3 40. Kxa6 b4 41. Re4 b3 42. Re8+ Kh7 43. Rb8 Bxd4 44. Kb5 b2 45. Kc6 Be5 46. Rb7 Kh6 47. Kd7 f5 48. Ke6 Kg5 49. Rb4 f4 50. Be2 Rxh3 51. Kf7 Re3 52. Bd1 f3 53. Kg8 f2 54. Rg4+ Kf5 55. Kh7 b1Q 0-1

[Event "IND-ch U15 Girls"]
[Site "Tiruchengode"]
[Date "2019.07.16"]
[Round "10"]
[White "Tarunika, P."]
[Black "Poorna, Sri MK"]
[Result "1/2-1/2"]
[WhiteElo "1561"]
[BlackElo "1681"]
[PlyCount "79"]
[EventDate "2019.07.09"]
[EventType "swiss"]
[EventRounds "11"]
[EventCountry "IND"]
[SourceTitle "EXT 2020"]
[Source "ChessBase"]
[SourceDate "2019.10.17"]
[SourceVersion "1"]
[SourceVersionDate "2019.10.17"]
[SourceQuality "1"]

1. e4 e5 2. Nf3 Nc6 3. Nc3 Nf6 4. Bb5 Bb4 5. 0-0 0-0 6. d3 d6 7. Bg5 Bxc3 8. bxc3 h6 9. Bh4 a6 10. Ba4 Qe7 11. Re1 Nd8 12. d4 Ne6 13. Bb3 Nf4 14. Bg3 N6h5 15. Nh4 Qg5 16. Bc4 Bg4 17. Nf3 Qf6 18. Re3 b5 19. Bf1 c5 20. d5 g5 21. h3 Bd7 22. Nh2 Qg6 23. Be2 Nxg3 24. fxg3 Nxe2+ 25. Qxe2 f5 26. g4 fxg4 27. Nxg4 Bxg4 28. Qxg4 Rf4 29. Qd7 Raf8 30. Re2 Qf6 31. Kh2 Rf1 32. Rxf1 Qxf1 33. Qxd6 Qxe2 34. Qg6+ Kh8 35. Qxh6+ Kg8 36. Qxg5+ Kh7 37. Qe7+ Kg8 38. Qg5+ Kh7 39. Qe7+ Kg8 40. Qg5+ 1/2-1/2

[Event "IND-ch U15 Girls"]
[Site "Tiruchengode"]
[Date "2019.07.14"]
[Round "8"]
[White "Poorna, Sri MK"]
[Black "Divyabharathi, Masanam"]
[Result "1/2-1/2"]
[WhiteElo "1681"]
[BlackElo "1730"]
[PlyCount "54"]
[EventDate "2019.07.09"]
[EventType "swiss"]
[EventRounds "11"]
[EventCountry "IND"]
[SourceTitle "EXT 2020"]
[Source "ChessBase"]
[SourceDate "2019.10.17"]
[SourceVersion "1"]
[SourceVersionDate "2019.10.17"]
[SourceQuality "1"]

1. e4 c5 2. Nf3 g6 3. d4 cxd4 4. Nxd4 Bg7 5. Nc3 Nc6 6. Be3 Nf6 7. Bc4 0-0 8. Bb3 Ng4 9. Qxg4 Nxd4 10. Qd1 Nxb3 11. axb3 a6 12. Nd5 d6 13. Bb6 Qd7 14. Ba5 Rb8 15. c3 b5 16. 0-0 Bb7 17. f4 e6 18. Nb6 Qc6 19. Qe2 Rfe8 20. Rfe1 Bf8 21. b4 Bh6 22. Qf2 Bf8 23. Qe2 Bh6 24. Qf2 Bf8 25. Qe2 Bh6 26. Qf2 Bf8 27. Qe2 Bh6 1/2-1/2

[Event "IND-ch U15 Girls"]
[Site "Tiruchengode"]
[Date "2019.07.13"]
[Round "7"]
[White "Bristy, Mukherjee"]
[Black "Poorna, Sri MK"]
[Result "0-1"]
[WhiteElo "1862"]
[BlackElo "1681"]
[PlyCount "71"]
[EventDate "2019.07.09"]
[EventType "swiss"]
[EventRounds "11"]
[EventCountry "IND"]
[SourceTitle "EXT 2020"]
[Source "ChessBase"]
[SourceDate "2019.10.17"]
[SourceVersion "1"]
[SourceVersionDate "2019.10.17"]
[SourceQuality "1"]

1. d4 Nf6 2. Bg5 d5 3. e3 e6 4. Nd2 Be7 5. Bd3 h6 6. Bh4 Nbd7 7. f4 c5 8. c3 b6 9. Ngf3 Bb7 10. Ne5 0-0 11. 0-0 Ne4 12. Be1 Ndf6 13. Ndf3 Nd6 14. g4 Nfe4 15. Qe2 Qe8 16. Nh4 g5 17. fxg5 hxg5 18. Ng2 f6 19. Nf3 Kg7 20. h4 Rh8 21. Kh2 Nf7 22. Rh1 Qb8+ 23. Kg1 Ng3 24. Bxg3 Qxg3 25. Rf1 c4 26. Bc2 Qxg4 27. Qf2 Qh5 28. Rh3 Rag8 29. Nh2 Kf8 30. Bd1 Qh7 31. Ng4 f5 32. Bc2 gxh4 33. Nh2 Ng5 34. Bxf5 exf5 35. Qxf5+ Qxf5 36. Rxf5+ 0-1

[Event "IND-ch U15 Girls"]
[Site "Tiruchengode"]
[Date "2019.07.12"]
[Round "6"]
[White "Poorna, Sri MK"]
[Black "Dhyana, Patel"]
[Result "1-0"]
[WhiteElo "1681"]
[BlackElo "1900"]
[PlyCount "73"]
[EventDate "2019.07.09"]
[EventType "swiss"]
[EventRounds "11"]
[EventCountry "IND"]
[SourceTitle "EXT 2020"]
[Source "ChessBase"]
[SourceDate "2019.10.17"]
[SourceVersion "1"]
[SourceVersionDate "2019.10.17"]
[SourceQuality "1"]

1. e4 c5 2. Nf3 Nc6 3. Bb5 g6 4. Bxc6 bxc6 5. 0-0 Bg7 6. c3 Nf6 7. Re1 0-0 8. d4 cxd4 9. cxd4 d6 10. Nc3 Rb8 11. h3 Qc7 12. Qc2 Qb7 13. b3 Nd7 14. Be3 Nb6 15. Qd2 a5 16. Bh6 f6 17. e5 fxe5 18. dxe5 d5 19. Bxg7 Kxg7 20. Qd4 Qc7 21. Rac1 Be6 22. Ne2 Qd7 23. Nf4 Na8 24. Qe3 Nc7 25. Nd4 Rb4 26. a3 Rxd4 27. Qxd4 Nb5 28. Nxe6+ Qxe6 29. Qb6 Qf5 30. a4 Na3 31. Qc5 d4 32. Rf1 Qg5 33. f4 Rxf4 34. Rxf4 Qxf4 35. Qxe7+ Kh6 36. Qxa3 d3 37. Qc5 1-0

[Event "IND-ch U15 Girls"]
[Site "Kolkata"]
[Date "2018.07.25"]
[Round "11"]
[White "Divya, Deshmukh"]
[Black "Poorna, Sri MK"]
[Result "0-1"]
[WhiteElo "2203"]
[BlackElo "1715"]
[PlyCount "112"]
[EventDate "2018.07.17"]
[EventType "swiss"]
[EventRounds "11"]
[EventCountry "IND"]
[SourceTitle "CBM 186 Extra"]
[Source "ChessBase"]
[SourceDate "2018.08.24"]
[SourceVersion "1"]
[SourceVersionDate "2018.08.24"]
[SourceQuality "1"]

1. e4 e5 2. Nc3 Bc5 3. Bc4 Nf6 4. d3 c6 5. Qf3 d6 6. h3 Be6 7. Bb3 0-0 8. g4 b5 9. Nge2 a5 10. a4 Bxb3 11. cxb3 b4 12. Nd1 d5 13. 0-0 d4 14. Ng3 Ne8 15. Qg2 Nd7 16. f3 Be7 17. Qc2 Bc5 18. Nf2 Nd6 19. Kg2 Rc8 20. Rh1 Bb6 21. f4 f6 22. f5 Qe7 23. Bd2 Nc5 24. Ne2 Qf7 25. Nc1 Kh8 26. Qd1 Rg8 27. Kf1 g6 28. Qf3 gxf5 29. gxf5 Nxb3 30. Nxb3 Qxb3 31. Ke2 c5 32. Qh5 c4 33. Qh4 cxd3+ 34. Kf3 Bd8 35. Rhg1 Be7 36. Ng4 Nc4 37. Rad1 Rc6 38. Bh6 d2+ 39. Kf2 Ne3 40. Rxd2 Rc2 41. Rxc2 Qxc2+ 42. Kf3 Nxg4 43. Rxg4 Qb3+ 44. Kf2 Qxb2+ 45. Ke1 Qb1+ 46. Kf2 Qc2+ 47. Ke1 Qb1+ 48. Kf2 Qa2+ 49. Kf3 Rxg4 50. Qxg4 Qg8 51. Qh5 b3 52. Bc1 b2 53. Bxb2 Qb3+ 54. Kf2 Qxb2+ 55. Kg3 Qb3+ 56. Kf2 Qg8 0-1